Word Ladder: The Seventh Reindeer Quiz Stats

 Plays Quiz Updated Dec 14, 2017

Challenge
Share
Tweet
Embed
Score 0/12 Timer 02:00
2 Plays Today
Hint 6-Letter Word % Correct
* Santa's second reindeer ** DANCER *
92.7%
* Santa's first reindeer ** DASHER *
88.1%
Astrological crabCANCER
85.2%
* The seventh reindeer in the song ''Rudolph The Red-Nosed Reindeer'' ** DONNER *
82.8%
Ran in a great hurryDASHED
82.8%
One who places food in metal containers for preservationCANNER
77.8%
Struck violently in order to injureBASHED
76.9%
More damp, more mustyDANKER
74.7%
The person holding all the chips, pieces or moneyBANKER
74.5%
Roseanne's surname from the TV show ''Roseanne''CONNER
74.3%
Laid in the sun for relaxation and pleasureBASKED
73%
Drove a ball into a cushion, in billiardsBANKED
71.2%

Today's Daily Dose

Word Ladder
Bruno Mars Song

Get the Picture
Japanese Cars

You're not logged in!

Compare scores with friends on all Sporcle quizzes.
OR
Log In

You Might Also Like...

Show Comments

Extras

Top Quizzes Today


Score Distribution

Your Account Isn't Verified!

In order to create a playlist on Sporcle, you need to verify the email address you used during registration. Go to your Sporcle Settings to finish the process.

Report this User

Report this user for behavior that violates our Community Guidelines.

Details: